000 00728nam a2200181 i 4500
001 129152
003 ES-MaACL
005 20230906193440.0
007 t|
008 070607s1914 sp ||||1| spa d
100 1 _aTenorio y Cerero, Nicolás.
_9109703
245 1 0 _aDiscursos leídos ante la Real Academia Hispano-Americana en la recepción pública del Sr. D. Nicolás Tenorio y Cerero el día 8 de diciembre de 1914
_b: [tema: el "Uti Possidetis de 1810"].
260 _aCádiz :
_b[Real Academia Hispano-Americana de Ciencias y Artes],
_c1914.
300 _a41 p. ;
_c22 cm.
500 _aIncluye contestación de Pelayo Quintero y Atauri.
700 0 _aQuintero Atauri, Pelayo.
_994723
852 _aES-MaACL
_jT-1430-F-6
999 _c129152
_d129152